BSOP header

Contours of christology in the New Testament / (Record no. 39970)

MARC details
000 -LEADER
fixed length control field 01309cam a22002894a 4500
001 - CONTROL NUMBER
control field 13838985
005 - DATE AND TIME OF LATEST TRANSACTION
control field 20160815170927.0
008 - FIXED-LENGTH DATA ELEMENTS--GENERAL INFORMATION
fixed length control field 160815b xxu||||| |||| 00| 0 eng d
020 ## - INTERNATIONAL STANDARD BOOK NUMBER
International Standard Book Number 0802810144
042 ## - AUTHENTICATION CODE
Authentication code pcc
111 2# - MAIN ENTRY--MEETING NAME
Meeting name or jurisdiction name as entry element H.H. Bingham Colloquium in New Testament
Number of part/section/meeting (7th :
Date of meeting 2001 :
Location of meeting McMaster Divinity College)
245 10 - TITLE STATEMENT
Title Contours of christology in the New Testament /
Statement of responsibility, etc edited by Richard N. Longenecker.
260 ## - PUBLICATION, DISTRIBUTION, ETC. (IMPRINT)
Place of publication, distribution, etc Grand Rapids, Mich. :
Name of publisher, distributor, etc William B. Eerdmans Pub.,
Date of publication, distribution, etc c2005.
300 ## - PHYSICAL DESCRIPTION
Extent xiv, 345 p. ;
Dimensions 23 cm.
336 ## - CONTENT TYPE
Content Type Term text
337 ## - MEDIA TYPE
Media Type Term unmediated
338 ## - CARRIER TYPE
Carrier Type Term volume
500 ## - GENERAL NOTE
General note Papers presented at the seventh H.H. Bingham Colloquium in New Testament, held June 25-26, 2001 at McMaster Divinity College, Hamilton, Ontario, Canada.
504 ## - BIBLIOGRAPHY, ETC. NOTE
Bibliography, etc Includes bibliographical references and indexes.
600 00 - SUBJECT ADDED ENTRY--PERSONAL NAME
Personal name Jesus Christ
General subdivision History of doctrines
Chronological subdivision Early church, ca. 30-600
Form subdivision Congresses.
630 00 - SUBJECT ADDED ENTRY--UNIFORM TITLE
Uniform title Bible.
Name of part/section of a work New Testament
General subdivision Theology
Form subdivision Congresses.
700 1# - ADDED ENTRY--PERSONAL NAME
Personal name Longenecker, Richard N.
856 42 - ELECTRONIC LOCATION AND ACCESS
Materials specified Contributor biographical information
Uniform Resource Identifier <a href="http://www.loc.gov/catdir/enhancements/fy1606/2005040484-b.html">http://www.loc.gov/catdir/enhancements/fy1606/2005040484-b.html</a>
856 42 - ELECTRONIC LOCATION AND ACCESS
Materials specified Publisher description
Uniform Resource Identifier <a href="http://www.loc.gov/catdir/enhancements/fy1606/2005040484-d.html">http://www.loc.gov/catdir/enhancements/fy1606/2005040484-d.html</a>
906 ## - LOCAL DATA ELEMENT F, LDF (RLIN)
a 7
b cbc
c orignew
d 1
e ocip
f 20
g y-gencatlg
942 ## - ADDED ENTRY ELEMENTS (KOHA)
Source of classification or shelving scheme Library of Congress Classification
Holdings
Withdrawn status Lost status Source of classification or shelving scheme Damaged status Not for loan Home library Current library Shelving location Date acquired Source of acquisition Inventory number Total Checkouts Full call number Barcode Date last seen Price effective from Koha item type
    Library of Congress Classification     BSOP Library BSOP Library GC 08/15/2016   38301   BT198 C76l 2005 00048301 08/15/2016 08/15/2016 Books
BSOP

Biblical Seminary of the Philippines
  All rights Reserved
  © 2024

CONTACT INFORMATION

Biblical Seminary of the Philippines,
  77-B Karuhatan Road, Valenzuela City,
  PHILIPPINES 1441
  Phone: +632 8292-6795 / 8292-6798
  Fax : +632 8292-6675
  Email: library@bsop.edu.ph